| 000 | 00332nam a22001457a 4500 | ||
|---|---|---|---|
| 003 | SGT | ||
| 020 | _a9788181437501 | ||
| 082 |
_a070 _bB08S |
||
| 100 | _aSHRIDHAR, VIJAYDUTT | ||
| 245 | _aBHARTIYA PATRAKARITA KA ITIHAAS: DELHI | ||
| 260 |
_bHINDI GRANTH ACADEMY _c2011 |
||
| 300 | _a212 | ||
| 650 | _aJOURNALISM | ||
| 942 |
_2ddc _cBK |
||
| 999 |
_c28518 _d28518 |
||